Gospodarka materialowa dwutygodnik

Salvato in:
Dettagli Bibliografici
Natura: Periodico
Lingua:polacco
Pubblicazione: Warszawa Wyd. Ekon.
Tags: Aggiungi Tag
Nessun Tag, puoi essere il primo ad aggiungerne!!

MARC

LEADER 00000nas1a22000001 4500
001 s120719
005 20041019155346.5
041 0 |a pol 
044 |a PL 
245 1 0 |a Gospodarka materialowa  |b dwutygodnik 
264 1 |a Warszawa  |b Wyd. Ekon.